000 00528nam a2200193Ia 4500
005 20260429112005.0
008 260429s9999||||xx |||||||||||||| ||und||
020 _a9780128007761
041 _aEnglish
082 _a579.177
_bKIM
100 _aKim, Se-Kwon
245 0 _aHandbook of marine microalgae :
_bbiotechnology advances /
_cSe-Kwon Kim
260 _aUnited Kingdom :
_bElsevier,
_c2015.
300 _axvii, 585 p.; hb
650 _a Ecology
650 _a Marine ecology
650 _aMicrobiology
942 _cTB
999 _c51778
_d51778